• 首页
  • 本馆介绍
  • 公告通知
  • 最新文献
  • 馆藏检索
  • 电子资源
  • 读者导购
  • 参考咨询
  • 我的图书馆
  • 登录
  • 详细信息显示
  • 放入我的书架
  • 预约/预借图书
  • 作者相关作品
  • 分类相关作品
  • 丛书相关作品
  • 出版社相关作品

书目信息

  • 表格格式
  • 工作单格式
  • 卡片格式
题名:
自然科学概论
    
 
作者: 薛鸿民 , 丁太魁 主编
分册:  
出版信息: 北京   北京师范大学出版社  2015.8
页数: 377页
开本: 24cm
丛书名:
单 册:
中图分类: N43
科图分类:
主题词: 自然科学--高等学校--教材
电子资源:
ISBN: 978-7-303-18460-6
000 00877nam0 2200253 450
001 0400001175
005 20171015085649.0
010    @a978-7-303-18460-6@dCNY39.80
100    @a20171015e20162015em y0chiy ea
101 0  @achi
102    @aCN@b110000
105    @ay z 000yy
106    @ar
200 1  @a自然科学概论@9zi ran ke xue gai lun@f薛鸿民,丁太魁主编
210    @a北京@c北京师范大学出版社@d2015.8@h2016.1
215    @a377页@d24cm
320    @a有书目(第374-376页)
330    @a本书概括地分析和阐明自然科学及其学科地对象、特点、发展规律与历史作用,介绍自然科学地知识体系。具体内容包括数学、物理学、生物学、能源科学、基因工程与细胞工程、空间技术等。
606 0  @a自然科学@x高等学校@j教材
690    @aN43@v5
701  0 @a薛鸿民@9xue hong min@4主编
701  0 @a丁太魁@9ding tai kui@4主编
801  0 @aCN@b91MARC@c20171015
905    @b1020266-70@dN43@f5@e114
    
    自然科学概论/薛鸿民,丁太魁主编.-北京:北京师范大学出版社,2015.8(2016.1)
    377页;24cm
    
    
    ISBN 978-7-303-18460-6:CNY39.80
    本书概括地分析和阐明自然科学及其学科地对象、特点、发展规律与历史作用,介绍自然科学地知识体系。具体内容包括数学、物理学、生物学、能源科学、基因工程与细胞工程、空间技术等。
●
相关链接 在E读中查询图书 在五车中查询图书 在当当中查询图书 在豆瓣中查询图书


正题名:自然科学概论     索取号:N43/114         预约/预借

序号 登录号 条形码 馆藏地/架位号 状态 备注
1 1020266   210202662   第二样本阅览室/ [索取号:N43/114] 在馆    
2 1020267   210202671   第三借阅区/ [索取号:N43/114] 在馆    
3 1020268   210202680   第三借阅区/ [索取号:N43/114] 在馆    
4 1020269   210202699   第三借阅区/ [索取号:N43/114] 在馆    
5 1020270   210202706   密集书库-物理学院/ [索取号:N43/114] 在馆    
唐山师范学院图书馆 欢迎您!
大连网信软件有限公司© 版权所有